|
|
|
|
| LEADER |
00000cam a2200000 7i4500 |
| 001 |
0000002980 |
| 005 |
20040329.0 |
| 090 |
0 |
0 |
|a RP 634.973748
|b WEI 1989
|
| 100 |
1 |
0 |
|a WEINLANG
|h G.
|
| 245 |
1 |
3 |
|a An annotated bibliography on acacia mangium
|c G. Weinland and Ahmad Zuhaidi Yahya; edited by H. T. Chan
|
| 260 |
0 |
0 |
|a Kuala Lumpur :
|b Institut Penyelidikan Perhutanan Malaysia ,
|c 1989
|
| 300 |
|
|
|a 104 p. ;
|c 30 cm.
|
| 440 |
0 |
0 |
|a Research pamphlet ; no. 102
|
| 500 |
0 |
0 |
|a Includes index
|
| 650 |
0 |
0 |
|a Acacia
|x Bibliography
|
| 650 |
0 |
0 |
|a Mangium
|x Bibliography
|
| 700 |
0 |
1 |
|a Ahmad Zuhaidi Yahya
|
| 700 |
0 |
1 |
|a Chan
|h H, T.
|
| 710 |
1 |
1 |
|a Institut Penyelidikan Perhutanan Malaysia (FRIM)
|
| 998 |
|
|
|a JPSM
|
| 999 |
|
|
|a 0000005229
|b Monograph
|c Open Shelf
|e Default branch
|
| 999 |
|
|
|a 0000005257
|b Monograph
|c Open Shelf
|e Default branch
|
| 999 |
|
|
|a 0000005258
|b Monograph
|c Open Shelf
|e Default branch
|